000 00341nam a2200157Ia 4500
100 _aAttenborough/Mary
650 _aMathematics
942 _cBK
366 _f20
245 _aMathematics for electrical engineering and computing
260 _bNewnes
_c2003
082 _a515
_bATT
300 _a550
546 _aENGLISH
999 _c30242
_d30242